Southville International School and Colleges
Your cart is empty.
  • Cart
  • Lists
    Public lists Eva Luna New books Lux_list list_1
    Your lists Log in to create your own lists
  • Log in to your account
  • Your cookies
  • Search history
Southville International School and Colleges
  • Advanced search
  • Recent comments
  • Most popular
  • Libraries

Log in to your account

Log in with GOOGLE


If you do not have an external account, but do have a local account, you can still log in:

  1. Home
  2. MARC view: Weird Tales from Northern Seas
Normal view MARC view ISBD view

Weird Tales from Northern Seas (Record no. 242763)

[ view plain ]
MARC details
000 -LEADER
fixed length control field 01125cam a22002773a 4500
001 - CONTROL NUMBER
control field 13508
003 - CONTROL NUMBER IDENTIFIER
control field PGUSA
005 - DATE AND TIME OF LATEST TRANSACTION
control field 20140828083305.0
008 - FIXED-LENGTH DATA ELEMENTS--GENERAL INFORMATION
fixed length control field 040921s2004||||xxu|||||s|||||000 1 eng d
040 ## - CATALOGING SOURCE
Original cataloging agency PGUSA
Language of cataloging eng
042 ## - AUTHENTICATION CODE
Authentication code dc
050 #4 - LIBRARY OF CONGRESS CALL NUMBER
Classification number PT
100 1# - MAIN ENTRY--PERSONAL NAME
Personal name Lie, Jonas,
Dates associated with a name 1833-1908
245 10 - TITLE STATEMENT
Title Weird Tales from Northern Seas
Medium [electronic resource] /
Statement of responsibility, etc Jonas Lie
260 ## - PUBLICATION, DISTRIBUTION, ETC. (IMPRINT)
Name of publisher, distributor, etc Project Gutenberg,
Date of publication, distribution, etc 2004
505 0# - FORMATTED CONTENTS NOTE
Formatted contents note The fisherman and the draug -- Jack of Sjöhölm and the gan-finn -- Tug of war -- "The earth draws" -- The cormorants of Andvær -- Isaac and the parson of Brönö -- The wind-gnome -- The huldrefish -- Finn blood -- The homestead westward in the blue mountains -- "It's me!"
506 ## - RESTRICTIONS ON ACCESS NOTE
Terms governing access Public domain in the USA.
516 ## - TYPE OF COMPUTER FILE OR DATA NOTE
Type of computer file or data note Electronic text
653 ## - INDEX TERM--UNCONTROLLED
Uncontrolled term Sea stories, Danish -- Translations into English
653 ## - INDEX TERM--UNCONTROLLED
Uncontrolled term Fantasy fiction, Danish -- Translations into English
700 1# - ADDED ENTRY--PERSONAL NAME
Personal name Bain, R. Nisbet
Fuller form of name (Robert Nisbet),
Dates associated with a name 1854-1909
700 1# - ADDED ENTRY--PERSONAL NAME
Personal name Housman, Laurence,
Dates associated with a name 1865-1959
830 #0 - SERIES ADDED ENTRY--UNIFORM TITLE
Uniform title Project Gutenberg
Volume number/sequential designation 13508
856 40 - ELECTRONIC LOCATION AND ACCESS
Uniform Resource Identifier <a href="http://www.gutenberg.org/ebooks/13508">http://www.gutenberg.org/ebooks/13508</a>
942 ## - ADDED ENTRY ELEMENTS (KOHA)
Koha item type eBooks
Holdings
Withdrawn status Lost status Damaged status Home library Current library Date acquired Total Checkouts Date last seen Price effective from Koha item type
      Project Gutenberg Project Gutenberg 08/28/2014   08/28/2014 08/28/2014 eBooks

Weird Tales from Northern Seas

APA

Lie J., Bain R. N. & Housman L. (2004). Weird Tales from Northern Seas. : Project Gutenberg.

Chicago

Lie Jonas, Bain R Nisbet and Housman Laurence. 2004. Weird Tales from Northern Seas. : Project Gutenberg.

Harvard

Lie J., Bain R. N. and Housman L. (2004). Weird Tales from Northern Seas. : Project Gutenberg.

MLA

Lie Jonas, Bain R Nisbet and Housman Laurence. Weird Tales from Northern Seas. : Project Gutenberg. 2004.

  • Place hold
  • Print
  • Cite
  • Add to your cart (remove)
  • Save record
    BIBTEX Dublin Core MARCXML MARC (non-Unicode/MARC-8) MARC (Unicode/UTF-8) MARC (Unicode/UTF-8, Standard) MODS (XML) RIS
  • More searches
    Search for this title in:
    Other Libraries (WorldCat) Other Databases (Google Scholar) Online Stores (Bookfinder.com) Open Library (openlibrary.org)

Exporting to Dublin Core...

SOUTHVILLE LIBRARY

Southville International School and Colleges Library

1281 Tropical Ave. Cor. Luxembourg St., BF Homes International, Las Pinas City

Tel. No. 8256374 / 252358 Loc. 117/146

Powered by Koha